| 000 | 00454nam a22001217a 4500 | ||
|---|---|---|---|
| 040 | _cNUST | ||
| 082 |
_a297.63 _bREH |
||
| 100 |
_aمولانا صفی الرحمن مبارکپوری _951020 |
||
| 245 |
_aAlrahiqu Almakhtoom /الرحیق المختوم _bSirat un nabvi /سیرت النبی _cمولانا صفی الرحمن مبارکپوری |
||
| 260 |
_aLahore, _balmaktabul salfia: _c1995. |
||
| 300 |
_a656p. ; _bHardcover, _c23cm. |
||
| 942 |
_2ddc _cBK |
||
| 999 |
_c593136 _d593136 |
||